Pravda o dôchodkoch z druhého piliera

Prečo sporiteľov nepotešili prvé dôchodky z druhého piliera vyplatené po desiatich rokoch sporenia.

Na minha lista:
Detalhes bibliográficos
Autor principal: Gálik, Rudolf
Formato: Capítulo de Livro
Idioma:eslovaco
Assuntos:
Tags: Adicionar Tag
Sem tags, seja o primeiro a adicionar uma tag!

MARC

LEADER 00000naa a2200000 4500
001 0200138
005 20240502073403.6
041 0 |a slo 
044 |a SK 
245 1 0 |a Pravda o dôchodkoch z druhého piliera  |c Rudolf Gálik 
520 |a Prečo sporiteľov nepotešili prvé dôchodky z druhého piliera vyplatené po desiatich rokoch sporenia. 
610 2 0 |a spoločnosti správcovské dôchodkové 
610 2 0 |a dôchodky 
610 2 0 |a Slovensko 
100 1 |a Gálik, Rudolf